Sibirôčka

Vzrušujúci a dojímavý príbeh, ktorý prežije malé dievčatko v nekonečnej drsnej sibírskej tajge a v Petrohrade

Bibliographic Details
Main Author: Čarskaja, Lidija Aleksejevna, 1875-1937 (Author)
Other Authors: Cibulová-Ryšáková, Eva, 1973- (Narrator)
Format: CD Audio
Language:Slovak
Russian
PhysicalDescription:1 elektronický optický disk (CD-ROM) digitál., MP3 12 cm
Published: V Levoči Slovenská knižnica pre nevidiacich Mateja Hrebendu 2017
ISBN:9788018063989
Subjects:

MARC

LEADER 00000cim a2200000 a 4500
001 vtls011633890
003 SK-MaSNL
005 20260301093939.0
007 sd fungnnmmned
008 180123s2017 xo nnnnfs f n slo
015 |a SNBJ2018 
020 |a 9788018063989  |q (CD-ROM) 
040 |a SNK  |b slo  |c SNK  |e AACR2 
041 1 |d slo  |h rus 
044 |a xo  |c SK 
072 7 |a 821.161.1  |x Ruská literatúra  |2 konspekt 
080 |a 821.161.1-31  |2 2011 
080 |a (0:82-311.4)  |2 2011 
080 |a (086.76)  |2 2011 
080 |a (086.7.053.2)  |2 2001 
100 1 |a Čarskaja, Lidija Aleksejevna,  |d 1875-1937  |4 aut  |9 104453 
245 1 0 |a Sibirôčka  |h elektronický zdroj  |c Lýdia Alexejevna Čárska ; číta: Eva Cibulová 
260 |a V Levoči  |b Slovenská knižnica pre nevidiacich Mateja Hrebendu  |c 2017 
300 |a 1 elektronický optický disk (CD-ROM)  |b digitál., MP3  |c 12 cm 
306 |a 070000 
520 8 |a Vzrušujúci a dojímavý príbeh, ktorý prežije malé dievčatko v nekonečnej drsnej sibírskej tajge a v Petrohrade 
521 |a Pre nevidiacich, slabozrakých a inak zdravotne postihnutých 
655 7 |a ruské romány  |2 SNKPH  |9 70514 
655 7 |a zvukové záznamy pre deti a mládež  |2 SNKPH  |9 70694 
655 7 |a CD-ROM  |2 SNKPH  |9 70236 
655 7 |a spoločenské romány  |2 SNKPH  |9 70538 
700 1 |a Cibulová-Ryšáková, Eva,  |d 1973-  |4 nrt  |9 31749 
752 |a Slovensko  |d Levoča 
919 |a 978-80-18-06398-9 
958 |a SX 
958 |a LX 
958 |a UP 
958 |a DB 
999 |c 678713  |d 680643 
952 |a SNK  |b SNK  |y PREZ  |7 0  |p 17A1306995  |o snkSCD 4406  |i snk2018/900  |8 0  |0 0  |1 0  |4 0  |d 2018-01-15  |l 0  |r 2026-02-23 19:49:29  |w 2026-02-23